| 000 | 00482nam a2200193Ia 4500 | ||
|---|---|---|---|
| 005 | 20240823060501.0 | ||
| 008 | 240823s9999||||xx |||||||||||||| ||und|| | ||
| 041 | _aENGLISH | ||
| 082 | _A621.384 Q6 | ||
| 100 | _a"Ludwig,Reinhold" | ||
| 245 | 0 | _aRF Circuit Design : Theory and Applications | |
| 250 | _a2nd | ||
| 260 |
_c2016 _bPearson Educ |
||
| 500 | _aTRANSFERED | ||
| 650 |
_acircuit Design _bElectronics |
||
| 700 | _a"Bogdanov, Gene" | ||
| 942 | _cBK | ||
| 999 |
_c231239 _d231239 |
||